| 000 | 00361nam a2200145Ia 4500 | ||
|---|---|---|---|
| 008 | 221030s9999 xx 000 0 und d | ||
| 041 | _aEnglish | ||
| 082 |
_a105.23 _bWin |
||
| 100 | _aP. H. Winston | ||
| 245 | 0 |
_aArtificial Intelligence _cby P. H. Winston |
|
| 260 |
_bAddison Wesley _aNew Delhi _c2000 |
||
| 300 | _a735 | ||
| 650 | _aBE Computer | ||
| 942 | _cBK | ||
| 999 |
_c7204 _d7204 |
||